Využitie robotiky a manipulačnej techniky vo výrobnom procese

Saved in:
Bibliographic Details
Main Author: Pekarovič, Alan (Author)
Other Authors: Matúšová, Miriam (Thesis advisor)
Format: Manuscript Book
Language:Slovak
Published: 2016
Subjects:
Online Access:http://is.stuba.sk/zp/portal_zp.pl?podrobnosti=105778
Tags: Add Tag
No Tags, Be the first to tag this record!

MARC

LEADER 00000ntm a22000003a 4500
001 stuzp56127
003 SK-STU
005 20160719154919.4
007 ta
008 150427s2015----xo-----f-mn---000-0-slo-d
040 |a STU  |b slo 
041 0 |a slo 
100 1 |a Pekarovič, Alan  |u 063000  |4 aut  |U MTF Materiálovotechnologická fakulta  |T MTF Ústav výrobných technológií  |X 71529  |U M3000  |Y 83  |7 71529 
242 0 1 |a The use of robotics and manipulator equipment in production process  |y eng 
245 1 0 |a Využitie robotiky a manipulačnej techniky vo výrobnom procese 
260 |c 2016 
650 4 |a robot  |2 slo 
650 4 |a manipulačná technika  |2 slo 
650 4 |a využitie  |2 slo 
650 4 |a súčasný stav  |2 slo 
650 4 |a robotika  |2 slo 
650 4 |a priemysel  |2 slo 
650 4 |a analýza  |2 slo 
650 4 |a inovácie  |2 slo 
650 4 |a rozvoj  |2 slo 
650 4 |a robot  |2 eng 
650 4 |a industry  |2 eng 
650 4 |a robotics  |2 eng 
650 4 |a the status quo  |2 eng 
650 4 |a analysis  |2 eng 
650 4 |a development  |2 eng 
650 4 |a manipulators  |2 eng 
650 4 |a innovation  |2 eng 
650 4 |a applications  |2 eng 
700 1 |a Matúšová, Miriam  |u 063800  |k Z1  |4 ths  |U MTF Ústav výrobných technológií  |T MTF Katedra výrobných systémov, metrológie a montáže  |X 4309  |U M3800  |Y 660  |7 A000004309 
856 4 |u http://is.stuba.sk/zp/portal_zp.pl?podrobnosti=105778 
996 |c M* BP-7667  |l MMSKP  |s P  |a 0  |w stuzp56127_0001 
SQL |a stuzp56127  |b DBP  |c SLO  |d Využitie robotiky a manipulačnej techniky vo výrobnom procese  |e 71529  |f Pekarovič, Alan  |g 063000  |h 4309  |i Matúšová, Miriam  |j 20160620  |k 179  |l 06  |m http://is.stuba.sk/zp/portal_zp.pl?podrobnosti=105778  |n B-VZS  |o 5.2.50. výrobná technika